00717cam a2200169Ia 4500020001500000040000800015082002600023245017400049260008100223300002800304500007100332650001600403650002500419650001600444650002500460710006200485 a0949511188 cDJB00a630 AUS 1985 A039 Or.00aAgricultural systems research for developing countries :bproceedings of an international workshop held at Hawkesbury Agricultural College, Richmond, N.S.W., Australia / aCanberra :bAustralian Centre for International Agricultural Research,c1985 a189 p. :bill. ;c24 cm a"Workshop coordinating committee: J. Brian Hardaker ... [et al.]." 0aAgriculture 0aAgricultural systems 0aAgriculture 0aAgricultural systems2 aAustralian Centre for International Agricultural Research